<?xml version="1.0" encoding="UTF-8"?>
<record
    xmlns:xsi="http://www.w3.org/2001/XMLSchema-instance"
    xsi:schemaLocation="http://www.loc.gov/MARC21/slim http://www.loc.gov/standards/marcxml/schema/MARC21slim.xsd"
    xmlns="http://www.loc.gov/MARC21/slim">

  <leader>00648nam a2200157 a 4500</leader>
  <datafield tag="020" ind1=" " ind2=" ">
    <subfield code="a">0882756788 (hardcover)</subfield>
  </datafield>
  <datafield tag="020" ind1=" " ind2=" ">
    <subfield code="a">9780882756783 (hardcover)</subfield>
  </datafield>
  <datafield tag="100" ind1="1" ind2=" ">
    <subfield code="a">Angelo, Jr. E. James.</subfield>
  </datafield>
  <datafield tag="245" ind1="1" ind2="0">
    <subfield code="a">Electronics : BJTS Fets and Micro Circuits</subfield>
  </datafield>
  <datafield tag="250" ind1=" " ind2=" ">
    <subfield code="a">First Edition.</subfield>
  </datafield>
  <datafield tag="260" ind1=" " ind2=" ">
    <subfield code="a">[S.l.] :</subfield>
    <subfield code="b">McGraw-Hill,</subfield>
    <subfield code="c">1969.</subfield>
  </datafield>
  <datafield tag="300" ind1=" " ind2=" ">
    <subfield code="a">630 p. ;</subfield>
  </datafield>
  <datafield tag="520" ind1=" " ind2=" ">
    <subfield code="a">No dust jacket. Binding split at the front. Marks on cover. Backstrip torn down edge.Hardback, ex-library, with usual stamps and markings, in fair all round condition, suitable as a reading copy.</subfield>
  </datafield>
  <datafield tag="856" ind1="4" ind2="0">
    <subfield code="u">http://www.amazon.com/exec/obidos/ASIN/0882756788/chopaconline-20</subfield>
  </datafield>
  <datafield tag="942" ind1=" " ind2=" ">
    <subfield code="c">BK</subfield>
  </datafield>
  <datafield tag="999" ind1=" " ind2=" ">
    <subfield code="c">12986</subfield>
    <subfield code="d">12986</subfield>
  </datafield>
  <datafield tag="952" ind1=" " ind2=" ">
    <subfield code="0">0</subfield>
    <subfield code="1">0</subfield>
    <subfield code="4">0</subfield>
    <subfield code="7">0</subfield>
    <subfield code="a">BB</subfield>
    <subfield code="b">BB</subfield>
    <subfield code="d">2020-02-12</subfield>
    <subfield code="g">87.00</subfield>
    <subfield code="l">0</subfield>
    <subfield code="o">621.38173ANG</subfield>
    <subfield code="p">B1410</subfield>
    <subfield code="r">2015-04-13 00:00:00</subfield>
    <subfield code="w">2015-04-13</subfield>
    <subfield code="y">BK</subfield>
  </datafield>
  <datafield tag="952" ind1=" " ind2=" ">
    <subfield code="0">0</subfield>
    <subfield code="1">0</subfield>
    <subfield code="4">0</subfield>
    <subfield code="7">0</subfield>
    <subfield code="a">BB</subfield>
    <subfield code="b">BB</subfield>
    <subfield code="d">2020-02-12</subfield>
    <subfield code="g">87.00</subfield>
    <subfield code="l">0</subfield>
    <subfield code="o">621.38173ANG</subfield>
    <subfield code="p">B1411</subfield>
    <subfield code="r">2015-04-13 00:00:00</subfield>
    <subfield code="w">2015-04-13</subfield>
    <subfield code="y">BK</subfield>
  </datafield>
  <datafield tag="952" ind1=" " ind2=" ">
    <subfield code="0">0</subfield>
    <subfield code="1">0</subfield>
    <subfield code="4">0</subfield>
    <subfield code="7">0</subfield>
    <subfield code="a">BB</subfield>
    <subfield code="b">BB</subfield>
    <subfield code="d">2020-02-12</subfield>
    <subfield code="g">87.00</subfield>
    <subfield code="l">0</subfield>
    <subfield code="o">621.38173ANG</subfield>
    <subfield code="p">B1412</subfield>
    <subfield code="r">2015-04-13 00:00:00</subfield>
    <subfield code="w">2015-04-13</subfield>
    <subfield code="y">BK</subfield>
  </datafield>
  <datafield tag="952" ind1=" " ind2=" ">
    <subfield code="0">0</subfield>
    <subfield code="1">0</subfield>
    <subfield code="4">0</subfield>
    <subfield code="7">0</subfield>
    <subfield code="a">BB</subfield>
    <subfield code="b">BB</subfield>
    <subfield code="d">2020-02-12</subfield>
    <subfield code="g">87.00</subfield>
    <subfield code="l">0</subfield>
    <subfield code="o">621.38173ANG</subfield>
    <subfield code="p">B1413</subfield>
    <subfield code="r">2015-04-13 00:00:00</subfield>
    <subfield code="w">2015-04-13</subfield>
    <subfield code="y">BK</subfield>
  </datafield>
  <datafield tag="952" ind1=" " ind2=" ">
    <subfield code="0">0</subfield>
    <subfield code="1">0</subfield>
    <subfield code="4">0</subfield>
    <subfield code="7">0</subfield>
    <subfield code="a">BB</subfield>
    <subfield code="b">BB</subfield>
    <subfield code="d">2020-02-12</subfield>
    <subfield code="g">87.00</subfield>
    <subfield code="l">0</subfield>
    <subfield code="o">621.38173ANG</subfield>
    <subfield code="p">B1414</subfield>
    <subfield code="r">2015-04-13 00:00:00</subfield>
    <subfield code="w">2015-04-13</subfield>
    <subfield code="y">BK</subfield>
  </datafield>
</record>
